000 00605nam a22001577a 4500
008 170309b xxu||||| |||| 00| 0 eng d
082 _22016
_aUT 0702
_bAl14
100 _919265
_aAlbite, Kathleen J.
245 _aLanguage Teaching Strategies in Chinese Mandarin Subject and the Students Academic Performance.
_cKathleen J. Albite, Vanessa A. Alcala and Cleo S. Lubalan.
300 _a39 pages;
_b29 cm.
650 0 _919266
_aEducation
_vEnglish
_xUndergraduate Thesis.
700 _919267
_aAlbite, Kathleen J.
700 _919268
_aAlcala, Vanessa A.
700 _919269
_aLubalan, Cleo S.
942 _2ddc
_cUT
999 _c6389
_d6389